000 00495nam a2200145Ia 4500
008 090123s9999 xx 000 0 und d
082 _b39153
245 _aश्री स्वामी समर्थ उपासना
250 _a1
260 _bअनघा प्रकाशन
_c2005
300 _a128
630 _aश्री स्वामी समर्थ उपासना
730 _aश्री स्वामी समर्थ उपासना
942 _cBOOK
999 _c77218
_d77218